000 00374nam a2200157Ia 4500
008 210210b1907 xxu||||| |||| 00| 0 eng d
041 _aeng
082 _a825/1194
100 _aGRANT (A J)
245 _aEnglish historians
260 _aLondon
_bBlackie & Son Ltd.
_c1907
650 _ahistorians
650 _aEnglish
690 _aEnglish Criticism
906 _a015508
999 _c134878
_d134878